| Tag |
First Indicator |
Second Indicator |
Subfields |
| LEADER |
00000cam a2200000 a 4500 |
| 001 |
in00000003959 |
| 008 |
960401s1996 dcu b f000 0 eng d |
| 005 |
20230309222517.2 |
| 010 |
|
|
|a 96231313
|
| 035 |
|
|
|a (OCoLC)ocm34497157
|
| 035 |
|
|
|9 AJH7593AM
|
| 035 |
|
|
|a in00000003959
|
| 040 |
|
|
|a MdFmN
|c DLC
|d GPO
|d UtOrBLW
|
| 042 |
|
|
|a lccopycat
|
| 043 |
|
|
|a e-ur---
|
| 049 |
|
|
|a UDOC
|
| 050 |
0 |
0 |
|a UA770
|b .I585 1996
|
| 074 |
|
|
|a 0856-A-12
|
| 082 |
0 |
0 |
|a 355/.0335947/09045
|2 21
|
| 086 |
0 |
|
|a PREX 3.17:IN 8
|
| 245 |
0 |
0 |
|a Intentions and capabilities :
|b estimates on Soviet strategic forces, 1950-1983 /
|c editor, Donald P. Steury.
|
| 264 |
|
1 |
|a Washington, D.C. :
|b History Staff, Center for the Study of Intelligence, Central Intelligence Agency,
|c 1996.
|
| 300 |
|
|
|a xxii, 504 pages ;
|c 28 cm.
|
| 336 |
|
|
|a text
|b txt
|2 rdacontent
|
| 337 |
|
|
|a unmediated
|b n
|2 rdamedia
|
| 338 |
|
|
|a volume
|b nc
|2 rdacarrier
|
| 500 |
|
|
|a Shipping list number: 2000-0121-P.
|
| 500 |
|
|
|a Shipping List #: 99-0546-M
|
| 500 |
|
|
|a Shipping List Date: 06/07/99
|
| 504 |
|
|
|a Includes bibliographical references.
|
| 650 |
|
0 |
|a Strategic forces
|z Soviet Union.
|
| 651 |
|
0 |
|a Soviet Union
|x Military policy.
|
| 651 |
|
0 |
|a Soviet Union
|x Defenses.
|
| 700 |
1 |
|
|a Steury, Donald Paul.
|
| 710 |
2 |
|
|a Center for the Study of Intelligence (U.S.).
|b History Staff.
|
| 856 |
4 |
1 |
|u https://purl.fdlp.gov/GPO/LPS61105
|z connect to online version. (PDF)
|t 0
|
| 999 |
|
|
|a MARS
|
| 999 |
f |
f |
|i 4213783f-22a4-34f6-894b-5897640465a1
|s 149fbffb-6321-3549-884a-aac1fb0ef8c2
|t 0
|
| 952 |
f |
f |
|p normal
|a Texas A&M University
|b College Station
|c Sterling C. Evans Library
|s Evans udoc
|d Evans: US Documents (Annex 5th floor)
|t 0
|e PREX 3.17:IN 8
|h Superintendent of Documents classification
|i unmediated -- volume
|m A14825812770
|
| 998 |
f |
f |
|a PREX 3.17:IN 8
|t 0
|l Evans: US Documents (Annex 5th floor)
|